योगशैली / (Record no. 208919)

MARC details
000 -LEADER
fixed length control field 00926nam a22001937a 4500
005 - DATE AND TIME OF LATEST TRANSACTION
control field 20250203162759.0
010 ## - LCCN (DPL NO)
LC control number HIN-129409
020 ## - INTERNATIONAL STANDARD BOOK NUMBER
Terms of availability 299.00
International Standard Book Number 9789357048859
035 ## - SYSTEM CONTROL NUMBER
System control number HN-101755
037 ## - SOURCE OF ACQUISITION
Source of stock number/acquisition DBAD
082 ## - DEWEY DECIMAL CLASSIFICATION NUMBER
Classification number 613.7046
Edition number
100 ## - MAIN ENTRY--PERSONAL NAME
Personal name दुधेलिया, विजयकुमार
245 ## - TITLE STATEMENT
Title योगशैली /
Statement of responsibility, etc विजयकुमार दुधेलिया
250 ## - EDITION STATEMENT
Edition statement प्रथम
260 ## - PUBLICATION, DISTRIBUTION, ETC. (IMPRINT)
Name of publisher, distributor, etc ब्लुरोज़ पब्लिशर्स
Date of publication, distribution, etc 2023
Place of publication, distribution, etc नोएडा (उ.प्र.)
270 ## - ADDRESS
Address बी-6, ए बी ल वर्कस्पेस, रामनाथ गोएंका मार्ग, सेक्टर 4, नोएडा
City नोएडा (उ.प्र.)
Postal code 201301
Telephone number 8882898898
Electronic mail address info@bluerosepublishers.com
300 ## - PHYSICAL DESCRIPTION
Extent 154पृ.
Dimensions 20सेमी.(अजिल्द)
942 ## - ADDED ENTRY ELEMENTS (KOHA)
Source of classification or shelving scheme Dewey Decimal Classification
Item type Hindi Books
Classification part 613.7046
Call number suffix दुधेलि
Holdings
Withdrawn status Lost status Not for loan Collection code Home library Current library Date acquired Source of acquisition Cost, normal purchase price Full call number Barcode Copy number Cost, replacement price Koha item type
      Non-fiction Vinoba Puri Vinoba Puri 03/02/2025 DBAD 299.00 613.7046 दुधेलि HN-101755 1 299.00 Hindi Books

© Delhi Public Library
Hit Counter
free hit counter